Normal view
MARC view
Entry Topical Term
001 - CONTROL NUMBER
- control field: 44414
003 - CONTROL NUMBER IDENTIFIER
- control field: ARRUPE
005 - DATE AND TIME OF LATEST TRANSACTION
- control field: 20190206104754.0
008 - FIXED-LENGTH DATA ELEMENTS
- fixed length control field: 190206|| aca||aabn | a|a d
040 ## - CATALOGING SOURCE
- Original cataloging agency: ARRUPE
- Transcribing agency: ARRUPE
150 ## - HEADING--TOPICAL TERM
- Topical term or geographic name as entry element: Porcelain, Chinese.
670 ## - SOURCE DATA FOUND
- Source citation: Work cat.: (ARRUPE)0: Li, Zhiyan, 1937- 44412, Chinese pottery and porcelain /, c1984.